00865nam a22002417a 450000500170000001000130001702000220003003500130005203700160006504000120008108200170009310000260011024500770013626000460021327000530025930000240031250000510033665000250038765000370041294200260044999900190047595201290049420170124110222.0 aA-469163 c00.00a8185565007 aA-469163 bCen Lib/Ret aDPLbEN a630.208bSAM aSamanta, R.K. 933329 aAgricultural extension in changing world perspective /cby R.K. Samanta  aNew Delhi bUppal Publishing House c1991 bNew Delhi e110002a3, ansari road, dariya ganj  axx, 147p.c21cm(Hb) aIncludes bibliographical references and index  aAgricultural 911598 aAgricultural development 940619 2ddccENh630.208mSAM c134215d134215 001040718REFaLbLd2015-07-29eCen Lib/Retg0.00l0o630.208 SAMpA-469163r2015-07-29 00:00:00t1v0.00w2015-07-29yEN